[Event "SR 2. liga A 2007/2008"]
[Site "?"]
[Date "2008.02.03"]
[Round "9.4"]
[White "Todor, Razvan"]
[Black "Pericka, Tomas"]
[Result "1/2-1/2"]
[WhiteElo "2151"]
[BlackElo "1895"]
[PlyCount "116"]
[EventDate "2007.??.??"]
[WhiteTeam "Slovakia"]
[BlackTeam "Slovakia"]
[WhiteTeamCountry "SVK"]
[BlackTeamCountry "SVK"]

1. c4 Nf6 2. Nc3 c5 3. Nf3 g6 4. d4 cxd4 5. Nxd4 Nc6 6. Nb3 b6 7. e4 Bg7 8. Be2
d6 9. O-O O-O 10. Bg5 Bb7 11. f4 Rc8 12. Rc1 Nb8 13. Nd2 Nbd7 14. Bf3 Qc7 15.
Kh1 Rfe8 16. Qe2 a6 17. b3 h6 18. Bh4 e6 19. Qd3 Nc5 20. Qe3 Ncd7 21. Bg3 e5
22. f5 g5 23. Be2 Nc5 24. Nd5 Bxd5 25. cxd5 Qb7 26. b4 Ncd7 27. Nc4 Bf8 28. Qd3
Rc7 29. Bf2 Rec8 30. Be3 Be7 31. a4 Ne8 32. h3 Bd8 33. Bg4 a5 34. bxa5 bxa5 35.
Be2 Nc5 36. Bxc5 Rxc5 37. Rb1 Qd7 38. Qb3 Nf6 39. Nd2 Rc3 40. Qb5 Qa7 41. Bf3
h5 42. Qe2 Re3 43. Qd1 Rcc3 44. Rc1 Qd4 45. Rxc3 Rxc3 46. Qe2 Re3 47. Qc4 Qxd2
48. Qc8 g4 49. Qxd8+ Kg7 50. hxg4 hxg4 51. Bxg4 Rxe4 52. Bh3 Qxd5 53. Rf3 Qd1+
54. Kh2 Ng4+ 55. Bxg4 Rxg4 56. f6+ Kh7 57. Rh3+ Kg6 58. Rh8 Rxg2+ 1/2-1/2

[Event "SR 2. liga A 2007/2008"]
[Site "?"]
[Date "2008.02.03"]
[Round "9.5"]
[White "Chovanec, Vladimir"]
[Black "Manak, Jozef"]
[Result "1/2-1/2"]
[WhiteElo "2106"]
[BlackElo "2042"]
[PlyCount "85"]
[EventDate "2007.??.??"]
[WhiteTeam "Slavia STU"]
[BlackTeam "Piestany"]
[WhiteTeamCountry "SVK"]
[BlackTeamCountry "SVK"]

1. Nf3 Nf6 2. b3 d5 3. Bb2 c5 4. e3 Nc6 5. Be2 Bg4 6. d4 e6 7. O-O cxd4 8. Nxd4
Bxe2 9. Qxe2 Be7 10. Nxc6 bxc6 11. Nd2 O-O 12. c4 a5 13. Nf3 Qc7 14. Rac1 Qb7
15. Qc2 Nd7 16. cxd5 cxd5 17. Qc7 Ra7 18. Qg3 Bf6 19. Ba3 Rc8 20. Rxc8+ Qxc8
21. Rc1 Qd8 22. Qd6 g6 23. g3 Kg7 24. Rc6 Nb8 25. Qxd8 Bxd8 26. Rc8 Bc7 27.
Bf8+ Kf6 28. Bc5 Rb7 29. Bd4+ Ke7 30. Bc5+ Bd6 31. Bd4 Nd7 32. Ra8 Bb4 33. Rc8
f6 34. Kf1 e5 35. Bc3 Kd6 36. Ke2 Nc5 37. Rd8+ Rd7 38. Rxd7+ Kxd7 39. Bb2 Ne4
40. Ne1 Bxe1 41. Kxe1 Nc5 42. Ke2 Ke6 43. Bc3 1/2-1/2

[Event "SR 2. liga A 2007/2008"]
[Site "?"]
[Date "2008.02.03"]
[Round "9.5"]
[White "Hanzluvka, Peter"]
[Black "Petrik, Karol"]
[Result "1/2-1/2"]
[WhiteElo "2052"]
[BlackElo "2162"]
[PlyCount "129"]
[EventDate "2007.??.??"]
[WhiteTeam "Slovakia"]
[BlackTeam "Slovakia"]
[WhiteTeamCountry "SVK"]
[BlackTeamCountry "SVK"]

1. e4 d5 2. exd5 Qxd5 3. Nc3 Qd6 4. Nf3 a6 5. Be2 Nc6 6. d4 Bf5 7. a3 O-O-O 8.
Be3 Nf6 9. Qd2 e5 10. O-O-O exd4 11. Bxd4 Ne4 12. Nxe4 Bxe4 13. Bc3 Qc5 14. Qf4
Qf5 15. Rxd8+ Nxd8 16. Qxf5+ Bxf5 17. Rd1 Bd6 18. Bxg7 Rg8 19. Bd4 Ne6 20. g3
Be4 21. Be3 f5 22. Bc4 Re8 23. Nd2 Bc6 24. Bd3 f4 25. gxf4 Nxf4 26. Bf5+ Kb8
27. Nc4 Nd5 28. Nxd6 cxd6 29. Bd4 Nf4 30. Be3 Nd5 31. Kd2 Re5 32. Bg4 Nxe3 33.
fxe3 Rg5 34. Be2 Rg2 35. Ke1 Rxh2 36. Rxd6 h5 37. Rh6 h4 38. b4 h3 39. Bg4 Rh1+
40. Kf2 h2 41. Bf3 Rc1 42. Bxc6 Rxc2+ 43. Kg3 Rxc6 44. Rxh2 Rc3 45. Kf4 Rxa3
46. Rc2 Ra4 47. Rb2 a5 48. Ke4 Kc7 49. Kd3 Ra3+ 50. Kc4 a4 51. Kb5 Ra1 52. Rc2+
Kb8 53. Kb6 Rb1 54. b5 a3 55. Ra2 Rb3 56. e4 Re3 57. Rg2 Kc8 58. Rg8+ Kd7 59.
Ra8 Rb3 60. Ra7 Ke6 61. Rxb7 Ke5 62. Ra7 Kxe4 63. Kc6 Kd4 64. b6 Kc3 65. b7
1/2-1/2

[Event "SR 2. liga A 2007/2008"]
[Site "?"]
[Date "????.??.??"]
[Round "9.5"]
[White "Slamena, Michal"]
[Black "Sosovicka, Juraj"]
[Result "1/2-1/2"]
[WhiteElo "1944"]
[BlackElo "1719"]
[Annotator "Jureak"]
[PlyCount "99"]
[EventDate "2007.??.??"]
[WhiteTeam "Slovakia"]
[BlackTeam "Slovakia"]
[WhiteTeamCountry "SVK"]
[BlackTeamCountry "SVK"]

1. e4 e5 2. Nf3 Nc6 3. Bb5 a6 4. Ba4 Nf6 5. d4 exd4 6. O-O Be7 7. e5 Nd5 8.
Nxd4 O-O 9. Bb3 Nb6 10. f4 Nxd4 11. Qxd4 d5 12. Qf2 f6 13. Qg3 fxe5 14. fxe5
Rxf1+ 15. Kxf1 Qf8+ 16. Kg1 Bc5+ 17. Be3 Be6 18. Nc3 Bxe3+ 19. Qxe3 Qe7 20. Ne2
c5 21. c3 Bf5 22. Nf4 c4 23. Qxb6 Qxe5 24. Qxb7 Rd8 25. Nxd5 cxb3 26. Ne7+ Kh8
27. Nxf5 Qxf5 28. Qxb3 Rf8 29. Qb6 h6 30. Qd4 Qc2 31. c4 Re8 32. Qc3 Qxc3 33.
bxc3 Re2 34. Rb1 Rxa2 35. c5 Ra5 36. c6 Rc5 37. Rb6 a5 38. Kf2 Rxc3 39. Ke2 Kg8
40. Kd2 Rc5 41. Kd3 a4 42. Kd4 Rc2 43. Kd5 a3 44. Kd6 a2 45. Ra6 Rxg2 46. c7
Rd2+ 47. Ke7 Re2+ 48. Kd7 Rd2+ 49. Kc6 Rc2+ 50. Kb7 1/2-1/2

[Event "SR 2. liga A 2007/2008"]
[Site "?"]
[Date "2008.02.03"]
[Round "9.5"]
[White "Vrba, Michal"]
[Black "Obdrzalkova, Anita"]
[Result "1/2-1/2"]
[WhiteElo "1895"]
[BlackElo "2064"]
[PlyCount "37"]
[EventDate "2007.??.??"]
[WhiteTeam "Slovakia"]
[BlackTeam "Slovakia"]
[WhiteTeamCountry "SVK"]
[BlackTeamCountry "SVK"]

1. e4 c5 2. Nf3 d6 3. d4 cxd4 4. Nxd4 Nf6 5. Nc3 a6 6. a4 e5 7. Nb3 Be6 8. Bg5
Nbd7 9. Bd3 Be7 10. O-O O-O 11. Qe2 h6 12. Be3 Ng4 13. Bd2 Rc8 14. f3 Ngf6 15.
Be3 Nb6 16. Rfd1 Nc4 17. Bc1 Qb6+ 18. Qf2 Qxf2+ 19. Kxf2 1/2-1/2

[Event "SR 2. liga A 2007/2008"]
[Site "?"]
[Date "2008.02.04"]
[Round "9.6"]
[White "Beles, Milan"]
[Black "Goga, Frantisek"]
[Result "1-0"]
[WhiteElo "2103"]
[BlackElo "2004"]
[Annotator ",Kaiko"]
[PlyCount "97"]
[EventDate "2007.??.??"]
[WhiteTeam "Slovakia"]
[BlackTeam "Slovakia"]
[WhiteTeamCountry "SVK"]
[BlackTeamCountry "SVK"]
[TimeControl "240+2"]

{74MB, Hiarcs10.ctg} 1. e4 c5 2. g3 Nc6 3. Bg2 g6 4. Ne2 Bg7 5. O-O d6 6. c4 e6
7. Nbc3 Nge7 8. d3 O-O 9. Be3 Nd4 10. Rb1 Nec6 11. a3 Qa5 12. b4 Nxe2+ 13. Nxe2
cxb4 14. axb4 Qc7 15. b5 Ne5 16. b6 axb6 17. Bxb6 Qe7 18. f4 Nd7 19. Be3 Ra3
20. Qc2 Nc5 21. Rfd1 Bd7 22. Bxc5 dxc5 23. Rxb7 Qd6 24. e5 Qa6 25. Rdb1 Ra2 26.
Qd1 Rd8 27. Be4 Bf8 28. Nc3 Ra3 29. R7b3 Rxb3 30. Qxb3 Bc6 31. Kf2 Ra8 32. Ke3
Kg7 33. Bxc6 Qxc6 34. Qb7 Qxb7 35. Rxb7 h6 36. Ne4 Ra2 37. h4 Ra6 38. Rc7 Ra5
39. Kd2 Kg8 40. h5 Ra2+ 41. Ke3 Kg7 42. hxg6 Kxg6 43. g4 Rg2 44. f5+ exf5 45.
gxf5+ Kxf5 46. Rxf7+ Kxe5 47. Rxf8 Rh2 48. Nxc5 Rh3+ 49. Rf3 1-0

[Event "SR 2. liga A 2007/2008"]
[Site "?"]
[Date "2008.02.03"]
[Round "9.6"]
[White "Csiba, Peter"]
[Black "Nagy, Edmund"]
[Result "1-0"]
[WhiteElo "2005"]
[BlackElo "1930"]
[PlyCount "50"]
[EventDate "2007.??.??"]
[WhiteTeam "Slovakia"]
[BlackTeam "Slovakia"]
[WhiteTeamCountry "SVK"]
[BlackTeamCountry "SVK"]

1. e4 d6 2. d4 Nf6 3. Bd3 g6 4. c4 Bg7 5. Nc3 O-O 6. Nf3 c5 7. d5 Na6 8. O-O
Nc7 9. Rb1 a6 10. Qe2 Bd7 11. Bg5 b5 12. Nd2 bxc4 13. Nxc4 Bb5 14. f4 h6 15.
Bh4 Kh7 16. Rbd1 Rb8 17. Rd2 Qd7 18. Ne3 Bxd3 19. Qxd3 Nb5 20. Nxb5 axb5 21. e5
dxe5 22. fxe5 c4 23. Qd4 Ne8 24. Rdf2 Nd6 25. Bg3 e6 1-0

[Event "SR 2. liga A 2007/2008"]
[Site "?"]
[Date "2008.02.03"]
[Round "9.6"]
[White "Krajnak, Robert"]
[Black "Karlik, Lukas"]
[Result "1-0"]
[WhiteElo "2118"]
[BlackElo "1839"]
[Annotator " , "]
[PlyCount "109"]
[EventDate "2007.??.??"]
[WhiteTeam "Slovakia"]
[BlackTeam "Slovakia"]
[WhiteTeamCountry "SVK"]
[BlackTeamCountry "SVK"]

1. c4 c6 2. Nf3 d5 3. e3 e6 4. Be2 Bd6 5. O-O f5 6. Nc3 Nf6 7. Qc2 O-O 8. d3
Bc7 9. h3 Qd6 10. Rb1 Nbd7 11. b4 b6 12. Ba3 Ne5 13. g3 Bb7 14. c5 Nxf3+ 15.
Bxf3 Qd7 16. b5 Rfc8 17. d4 bxc5 18. Bxc5 Bd6 19. b6 Bxc5 20. dxc5 e5 21. Na4
a6 22. Nc3 Rf8 23. a4 g5 24. a5 h5 25. Bg2 Ne4 26. Nxe4 fxe4 27. Qd2 g4 28. Kh2
Rf6 29. Rh1 Raf8 30. Rb2 Qf5 31. Kg1 Qg5 32. hxg4 hxg4 33. Rh4 Rg6 34. Qd1 Rf7
35. Bf1 Rh7 36. Rxh7 Kxh7 37. Bg2 Qf5 38. Rb4 Rf6 39. Qc2 Kg7 40. Qb2 Kh6 41.
Bf1 Qf3 42. Qe2 Rf7 43. Qxf3 gxf3 44. Bh3 Kg5 45. Be6 Rg7 46. g4 Re7 47. Bf5
Rg7 48. Kh2 Kh4 49. Rb1 Rg8 50. Rh1 Kg5 51. Kg1 Rg7 52. Rh8 Rf7 53. Re8 Rf6 54.
Rxe5 Kh6 55. Be6 1-0

[Event "SR 2. liga A 2007/2008"]
[Site "?"]
[Date "2008.02.03"]
[Round "9.6"]
[White "Pobjecky, Ivan"]
[Black "Kovac, Andrej"]
[Result "0-1"]
[WhiteElo "2044"]
[BlackElo "1924"]
[PlyCount "68"]
[EventDate "2007.??.??"]
[WhiteTeam "Piestany"]
[BlackTeam "Slavia STU"]
[WhiteTeamCountry "SVK"]
[BlackTeamCountry "SVK"]

1. e4 e5 2. Nf3 Nc6 3. Bb5 f5 4. d3 d6 5. O-O Nf6 6. Nc3 Be7 7. d4 O-O 8. Bxc6
bxc6 9. dxe5 Nxe4 10. Nxe4 fxe4 11. Nd4 Qe8 12. Qe2 d5 13. f4 Bc5 14. Be3 Bb6
15. Nb3 Ba6 16. Qd2 Bxf1 17. Rxf1 Qe7 18. Qc3 Bxe3+ 19. Qxe3 a5 20. Qc3 Qe6 21.
Nd4 Qh6 22. g3 Ra6 23. f5 Rb6 24. b3 Re8 25. Ne6 Rxe6 26. fxe6 Qxe6 27. Qxa5 h6
28. Qc3 Qe7 29. a4 c5 30. Qa5 Kh7 31. Qc3 d4 32. Qc4 Qxe5 33. Rf8 Re6 34. a5 e3
0-1

[Event "SR 2. liga A 2007/2008"]
[Site "?"]
[Date "????.??.??"]
[Round "9.6"]
[White "Zitniak, Jozef"]
[Black "Kollarik, Gorazd"]
[Result "1/2-1/2"]
[WhiteElo "1992"]
[BlackElo "1972"]
[Annotator "Jureak"]
[PlyCount "86"]
[EventDate "2007.??.??"]
[WhiteTeam "Slovakia"]
[BlackTeam "Slovakia"]
[WhiteTeamCountry "SVK"]
[BlackTeamCountry "SVK"]

1. e4 d5 2. Nc3 d4 3. Nce2 e5 4. d3 Nc6 5. a3 Bd6 6. Ng3 g6 7. Be2 Be6 8. Nf3
f6 9. Bd2 Qd7 10. b4 a6 11. Qb1 Nge7 12. Qb2 O-O 13. O-O Kg7 14. c4 dxc3 15.
Bxc3 Rad8 16. Rad1 Qc8 17. Rd2 h5 18. Rfd1 Bg4 19. Nf1 Qe6 20. Ne3 Bxf3 21.
Bxf3 Qd7 22. Rc1 Kh7 23. Bd1 Qe6 24. Bb3 Qd7 25. Rcd1 Nd4 26. Nc2 Nec6 27. Bd5
Nxc2 28. Bxc6 Qxc6 29. Qxc2 Qe8 30. f3 Qe7 31. d4 exd4 32. Bxd4 Be5 33. Bc5 Bd6
34. Bxd6 Rxd6 35. Rxd6 cxd6 36. Qd3 Rd8 37. Qd5 Kg7 38. Rc1 Qd7 39. f4 Kf8 40.
Rc3 Ke7 41. h3 Rc8 42. Rd3 Qc6 43. Kf2 Qb6+ 1/2-1/2

[Event "SR 2. liga A 2007/2008"]
[Site "?"]
[Date "2008.02.03"]
[Round "9.7"]
[White "Cajka, Tibor"]
[Black "Raczko, Peter"]
[Result "1-0"]
[WhiteElo "1830"]
[BlackElo "2012"]
[Annotator " , "]
[PlyCount "84"]
[EventDate "2007.??.??"]
[WhiteTeam "Slovakia"]
[BlackTeam "Slovakia"]
[WhiteTeamCountry "SVK"]
[BlackTeamCountry "SVK"]

1. e4 d6 2. d4 Nf6 3. Nc3 g6 4. Be3 c6 5. Be2 Nbd7 6. f4 Qa5 7. Qd2 b5 8. Bf3
Nb6 9. b3 Ng4 10. Bxg4 Bxg4 11. h3 Bd7 12. Nf3 Bg7 13. Ne2 Qxd2+ 14. Kxd2 O-O
15. g4 Rac8 16. Rac1 Rfd8 17. Rhd1 Be8 18. Ke1 Nd7 19. e5 Nb6 20. c4 d5 21.
cxb5 cxb5 22. Rc5 e6 23. Rdc1 Bf8 24. g5 Bxc5 25. dxc5 Na8 26. Bd2 b4 27. Bxb4
Bb5 28. Ned4 Bd3 29. Ba5 Rd7 30. a4 Nc7 31. Nc6 Na6 32. Nfd4 Rb7 33. Rc3 Be4
34. Bd8 Kf8 35. Ba5 Ke8 36. b4 Nb8 37. Nxb8 Rbxb8 38. Nb5 a6 39. Nd6+ Kd7 40.
Nxc8 Kxc8 41. c6 Bb1 42. c7 Ba2 1-0

[Event "SR 2. liga A 2007/2008"]
[Site "?"]
[Date "2008.02.03"]
[Round "9.7"]
[White "Czucz, Andrej"]
[Black "Kolesar, Rastislav"]
[Result "0-1"]
[WhiteElo "1908"]
[BlackElo "1931"]
[PlyCount "72"]
[EventDate "2007.??.??"]
[WhiteTeam "Slovakia"]
[BlackTeam "Slovakia"]
[WhiteTeamCountry "SVK"]
[BlackTeamCountry "SVK"]

1. c4 e5 2. Nc3 Nf6 3. g3 Nc6 4. Bg2 Bb4 5. d3 d5 6. cxd5 Nxd5 7. Bd2 Be6 8. a3
Be7 9. Rc1 Nd4 10. Nf3 Nxc3 11. Rxc3 Bd5 12. e4 Nxf3+ 13. Bxf3 Be6 14. O-O c5
15. Be3 b6 16. Bg2 O-O 17. f4 exf4 18. gxf4 f5 19. e5 Bd5 20. Rf2 Bh4 21. Bxd5+
Qxd5 22. Rg2 Rad8 23. Qh5 Be1 24. Rc1 Ba5 25. Rd1 Qb3 26. Qe2 Rd7 27. Rg3 c4
28. d4 c3 29. Bf2 Qxb2 30. Qxb2 cxb2 31. e6 Rc7 32. Be3 Rfc8 33. d5 Rc1 34.
Bxc1 Rxc1 35. Rxc1 bxc1=Q+ 36. Kg2 Qd2+ 0-1

[Event "SR 2. liga A 2007/2008"]
[Site "?"]
[Date "2008.02.04"]
[Round "9.7"]
[White "Nepras, Martin"]
[Black "Michal, Silvio"]
[Result "0-1"]
[WhiteElo "1984"]
[BlackElo "2099"]
[Annotator ",Kaiko"]
[PlyCount "86"]
[EventDate "2007.??.??"]
[WhiteTeam "Slovakia"]
[BlackTeam "Slovakia"]
[WhiteTeamCountry "SVK"]
[BlackTeamCountry "SVK"]
[TimeControl "240+2"]

{74MB, Hiarcs10.ctg} 1. d4 Nf6 2. c4 e6 3. Nf3 b6 4. Nc3 Bb7 5. Bg5 Be7 6. e3
h6 7. Bh4 Ne4 8. Bxe7 Qxe7 9. Bd3 Nxc3 10. bxc3 c5 11. O-O cxd4 12. cxd4 O-O
13. Qe2 d6 14. Nd2 e5 15. d5 Nd7 16. e4 Nc5 17. Bc2 Ba6 18. f4 exf4 19. Rxf4
Qe5 20. Raf1 Rae8 21. Qf2 Re7 22. Bb3 Nd3 23. Qe3 Nxf4 24. Rxf4 f5 25. h4 fxe4
26. Rxe4 Qa1+ 27. Kh2 Rxe4 28. Qxe4 Bc8 29. Nf3 Qf6 30. Kg1 Bd7 31. Qd3 Qf4 32.
Bd1 Bf5 33. Qb3 Be4 34. h5 Re8 35. Qa4 Re7 36. Qb3 Bxf3 37. Bxf3 Qe3+ 38. Kh2
Qxb3 39. axb3 a5 40. Kg3 Re3 41. Kf4 Rxb3 42. Kf5 a4 43. Bd1 Rb4 0-1

[Event "SR 2. liga A 2007/2008"]
[Site "?"]
[Date "2008.02.03"]
[Round "9.7"]
[White "Racik, Marek"]
[Black "Hurban, Martin"]
[Result "1/2-1/2"]
[WhiteElo "1912"]
[BlackElo "1825"]
[Annotator "Jureak"]
[PlyCount "84"]
[EventDate "2007.??.??"]
[WhiteTeam "Slovakia"]
[BlackTeam "Slovakia"]
[WhiteTeamCountry "SVK"]
[BlackTeamCountry "SVK"]

1. Nf3 d5 2. g3 Nf6 3. Bg2 c6 4. b3 g6 5. Bb2 Bg7 6. O-O O-O 7. c4 Re8 8. cxd5
cxd5 9. d3 Nc6 10. Nbd2 e5 11. Rc1 Bd7 12. Qc2 Rc8 13. Qb1 Qe7 14. e3 b5 15.
Qa1 Qd6 16. Rfd1 Nh5 17. d4 e4 18. Ne5 Qe6 19. Nxd7 Qxd7 20. Rc5 a6 21. a3 Bf8
22. Rc2 a5 23. Rdc1 f5 24. Bf1 Na7 25. Bc3 Qd8 26. Nb1 Bd6 27. Bd2 Rxc2 28.
Rxc2 Bc7 29. Qc3 Bb6 30. Qb2 Ng7 31. Nc3 Qd7 32. a4 b4 33. Nb5 Rc8 34. Nxa7
Bxa7 35. Bb5 Qb7 36. Qc1 Rxc2 37. Qxc2 Nh5 38. Bc6 Qf7 39. Ba8 Qd7 40. Bc6 Qf7
41. Bb5 Qb7 42. Bc6 Qf7 1/2-1/2

[Event "SR 2. liga A 2007/2008"]
[Site "?"]
[Date "2008.02.03"]
[Round "9.8"]
[White "Gono, Michal"]
[Black "Koutny, Pavel"]
[Result "1/2-1/2"]
[WhiteElo "1898"]
[BlackElo "1876"]
[PlyCount "86"]
[EventDate "2007.??.??"]
[WhiteTeam "Piestany"]
[BlackTeam "Slavia STU"]
[WhiteTeamCountry "SVK"]
[BlackTeamCountry "SVK"]

1. d4 Nf6 2. Nf3 e6 3. c4 c5 4. Nc3 g6 5. Bg5 Bg7 6. g3 Qa5 7. Bd2 cxd4 8. Nxd4
O-O 9. Bg2 Qc5 10. e3 Nc6 11. Nxc6 bxc6 12. b3 d5 13. Na4 Qe7 14. O-O Ne4 15.
Rc1 Nxd2 16. Qxd2 Ba6 17. Qa5 Bc8 18. cxd5 cxd5 19. b4 Be5 20. e4 Bd6 21. exd5
Bxb4 22. Qc7 exd5 23. Qxe7 Bxe7 24. Bxd5 Ba6 25. Rfe1 Bb4 26. Re4 Rad8 27.
Bxf7+ Rxf7 28. Rxb4 Rd2 29. f4 Rxa2 30. Nc3 Rd2 31. Ne4 Re2 32. Rb8+ Kg7 33.
Nc5 Ra2 34. Ne6+ Kh6 35. Rb3 Re7 36. Nd4 Bb7 37. Rcb1 Bd5 38. R3b2 Rxb2 39.
Rxb2 Re1+ 40. Kf2 Re4 41. Rd2 Bc4 42. Kf3 Re7 43. Nc6 Rc7 1/2-1/2

[Event "SR 2. liga A 2007/2008"]
[Site "?"]
[Date "2008.02.03"]
[Round "9.8"]
[White "Novak, Stanislav"]
[Black "Danada, Ondrej"]
[Result "1-0"]
[WhiteElo "1999"]
[BlackElo "1830"]
[Annotator " , "]
[PlyCount "69"]
[EventDate "2007.??.??"]
[WhiteTeam "Slovakia"]
[BlackTeam "Slovakia"]
[WhiteTeamCountry "SVK"]
[BlackTeamCountry "SVK"]

1. e4 c6 2. Nc3 d5 3. exd5 cxd5 4. d4 Bf5 5. Nf3 Nc6 6. Bf4 e6 7. Bd3 Bxd3 8.
Qxd3 Bd6 9. Qd2 Nf6 10. O-O O-O 11. Bxd6 Qxd6 12. Rfe1 a6 13. Ne5 b5 14. a3
Rfe8 15. g4 Nd7 16. f4 Rab8 17. Re3 Ndxe5 18. fxe5 Qe7 19. Rh3 b4 20. Ne2 a5
21. a4 h6 22. Rf1 Qa7 23. Kh1 Ne7 24. g5 hxg5 25. Qxg5 Nf5 26. Rxf5 exf5 27.
Qxf5 Rb6 28. Qh7+ Kf8 29. Rg3 g6 30. Rf3 Rbb8 31. c3 bxc3 32. bxc3 Re6 33. Qh8+
Ke7 34. Qg7 Ke8 35. Qg8+ 1-0

[Event "SR 2. liga A 2007/2008"]
[Site "?"]
[Date "2008.02.03"]
[Round "9.8"]
[White "Sosovicka, Matej"]
[Black "Slamka, Michal"]
[Result "1-0"]
[WhiteElo "1893"]
[BlackElo "1703"]
[Annotator "Jureak"]
[PlyCount "113"]
[EventDate "2007.??.??"]
[WhiteTeam "Slovakia"]
[BlackTeam "Slovakia"]
[WhiteTeamCountry "SVK"]
[BlackTeamCountry "SVK"]

1. e4 e5 2. Nf3 Nc6 3. Bb5 a6 4. Ba4 b5 5. Bb3 d6 6. O-O Na5 7. c3 Nxb3 8. Qxb3
Be6 9. Qc2 c5 10. d3 Be7 11. Nbd2 Bg4 12. h3 Bh5 13. Kh1 Nf6 14. Rg1 Nd7 15. g4
Bg6 16. Nf1 Nf8 17. Ng3 Ne6 18. Nf5 f6 19. h4 Bf7 20. g5 Bh5 21. Nh2 Bg6 22.
Qb3 Qd7 23. Qxe6 Qxe6 24. Nxg7+ Kd7 25. Nxe6 Kxe6 26. f4 exf4 27. Bxf4 Rhf8 28.
Raf1 c4 29. Re1 fxg5 30. Bxg5 Rf2 31. d4 Raf8 32. d5+ Kd7 33. Ng4 Rxb2 34. e5
Bxg5 35. hxg5 Rf4 36. Nf6+ Ke7 37. exd6+ Kxd6 38. Re6+ Kc7 39. d6+ Kd8 40. Rg2
Rb1+ 41. Kh2 Rbf1 42. d7 Rxf6 43. gxf6 Kxd7 44. Rxa6 Rf3 45. Rg5 Rxc3 46. Re5
Kc7 47. Re7+ Kb8 48. f7 Bxf7 49. Rxf7 Rd3 50. Re6 Rd8 51. Re5 c3 52. Rxb5+ Ka8
53. Rc5 Kb8 54. Rxc3 Rd2+ 55. Kg3 Rxa2 56. Re3 Rc2 57. Re8+ 1-0

[Event "SR 2. liga A 2007/2008"]
[Site "?"]
[Date "2008.02.04"]
[Round "9.8"]
[White "Zacik, Anton"]
[Black "Michalko, Peter"]
[Result "1-0"]
[WhiteElo "2106"]
[BlackElo "1668"]
[Annotator ",Kaiko"]
[PlyCount "45"]
[EventDate "2007.??.??"]
[WhiteTeam "Slovakia"]
[BlackTeam "Slovakia"]
[WhiteTeamCountry "SVK"]
[BlackTeamCountry "SVK"]
[TimeControl "240+2"]

{74MB, Hiarcs10.ctg} 1. e4 e5 2. Nf3 Nc6 3. Bb5 a6 4. Bxc6 dxc6 5. O-O Qd6 6.
Na3 Be6 7. b3 O-O-O 8. Nc4 Bxc4 9. bxc4 f5 10. Bb2 fxe4 11. Nxe5 Qe6 12. d4 Nf6
13. f4 Bd6 14. Qe2 Rhg8 15. c5 Bf8 16. c4 g6 17. Rab1 b6 18. Bc3 Nd7 19. cxb6
Nxe5 20. fxe5 cxb6 21. Rf6 Qd7 22. Rxb6 Kc7 23. Qb2 1-0

[Event "SR 2. liga A 2007/2008"]
[Site "?"]
[Date "2008.03.18"]
[Round "10"]
[White "Bogar, Tomas"]
[Black "Orosi, Peter"]
[Result "0-1"]
[WhiteElo "1681"]
[BlackElo "1884"]
[PlyCount "74"]
[EventDate "2007.??.??"]
[WhiteTeam "Slovakia"]
[BlackTeam "Slovakia"]
[WhiteTeamCountry "SVK"]
[BlackTeamCountry "SVK"]
[TimeControl "300"]

1. d4 Nf6 2. c4 e6 3. Nc3 d5 4. Nf3 c6 5. Bg5 Nbd7 6. e3 Qa5 7. Qa4 Qxa4 8.
Nxa4 dxc4 9. Nc3 b5 10. a4 Bb4 11. axb5 cxb5 12. Bxf6 Nxf6 13. Ne5 Bb7 14. f3
Nd5 15. Kd2 f6 16. Ng4 Ke7 17. e4 Nxc3 18. bxc3 Bd6 19. Be2 a5 20. Ra2 Rhc8 21.
Rha1 Bc7 22. Rb1 Bc6 23. g3 h5 24. Nf2 h4 25. f4 hxg3 26. hxg3 Rh8 27. Raa1 Rh2
28. Ng4 Rg2 29. Rg1 Rxg1 30. Rxg1 Bxe4 31. Re1 Bc6 32. Ne3 Kd7 33. Nc2 g5 34.
Rf1 gxf4 35. gxf4 f5 36. Na3 Bd6 37. Nc2 Rh8 0-1

[Event "SR 2. liga A 2007/2008"]
[Site "?"]
[Date "2008.03.18"]
[Round "10"]
[White "Czucz, Andrej"]
[Black "Sipkovsky, Stefan"]
[Result "1-0"]
[WhiteElo "1916"]
[BlackElo "1686"]
[PlyCount "43"]
[EventDate "2007.??.??"]
[WhiteTeam "Slovakia"]
[BlackTeam "Slovakia"]
[WhiteTeamCountry "SVK"]
[BlackTeamCountry "SVK"]
[TimeControl "300"]

1. c4 e5 2. Nc3 Nc6 3. g3 b6 4. Bg2 Bb7 5. e4 Bc5 6. Nge2 Nd4 7. d3 Nf6 8. O-O
c6 9. a3 a5 10. Na4 Nxe2+ 11. Qxe2 Bd4 12. Be3 c5 13. Bg5 h6 14. Be3 Bc6 15.
Nc3 d6 16. f4 Qd7 17. Bxd4 exd4 18. e5 Bxg2 19. exf6+ Qe6 20. Qxg2 O-O 21. Nd5
gxf6 22. f5 1-0

[Event "SR 2. liga A 2007/2008"]
[Site "?"]
[Date "2008.03.18"]
[Round "10"]
[White "Farkas, Sandor"]
[Black "Vrba, Michal"]
[Result "0-1"]
[WhiteElo "1857"]
[BlackElo "1970"]
[PlyCount "92"]
[EventDate "2007.??.??"]
[WhiteTeam "Slovakia"]
[BlackTeam "Slovakia"]
[WhiteTeamCountry "SVK"]
[BlackTeamCountry "SVK"]
[TimeControl "300"]

1. e4 d6 2. Nf3 Nf6 3. Nc3 e5 4. d4 Nbd7 5. Bc4 Be7 6. O-O O-O 7. dxe5 Nxe5 8.
Nxe5 dxe5 9. Bg5 c6 10. a3 Qc7 11. Bd3 Bg4 12. Qd2 Rad8 13. Qe3 b6 14. Qg3 Bh5
15. f4 exf4 16. Bxf4 Qd7 17. Kh1 Qg4 18. h3 Qxg3 19. Bxg3 Rfe8 20. Rae1 Bc5 21.
Bh4 Bd4 22. Kh2 Be5+ 23. Bg3 Bg6 24. Bxe5 Rxe5 25. Re3 Rde8 26. Rfe1 Nd5 27.
R3e2 Nxc3 28. bxc3 Ra5 29. Ra1 Rc5 30. c4 f6 31. Rae1 Bf7 32. e5 Rcxe5 33. Rxe5
Rxe5 34. Rxe5 fxe5 35. Kg3 g6 36. Kf3 Kg7 37. Be4 Be8 38. g4 g5 39. Bf5 h6 40.
Kg3 Kf6 41. h4 Bg6 42. Bd7 Be4 43. hxg5+ Kxg5 44. c3 c5 45. Kf2 Kf4 46. Ke2
Bf3+ 0-1

[Event "SR 2. liga A 2007/2008"]
[Site "?"]
[Date "2008.03.18"]
[Round "10"]
[White "Horvath, Mario"]
[Black "Pacher, Milan"]
[Result "1-0"]
[WhiteElo "2283"]
[BlackElo "2328"]
[PlyCount "99"]
[EventDate "2007.??.??"]
[WhiteTeam "Slovakia"]
[BlackTeam "Slovakia"]
[WhiteTeamCountry "SVK"]
[BlackTeamCountry "SVK"]
[TimeControl "300"]

1. d4 Nf6 2. Nf3 g6 3. Bg5 Bg7 4. Nbd2 d5 5. e3 O-O 6. Bd3 c5 7. c3 Nbd7 8. O-O
b6 9. b4 a5 10. bxc5 bxc5 11. Qe2 Qc7 12. Bf4 Qa7 13. h3 Nb6 14. Rfc1 Na4 15.
Bb5 Ba6 16. Rab1 Rfc8 17. Bxa6 Qxa6 18. Qxa6 Rxa6 19. Kf1 e6 20. c4 Ne4 21.
cxd5 Nec3 22. Rb7 exd5 23. Rc2 h6 24. Be5 cxd4 25. Bxd4 Rac6 26. Bxg7 Kxg7 27.
Nd4 R6c7 28. Rxc7 Rxc7 29. N2b3 Nb5 30. Rxc7 Nxc7 31. Nxa5 Nc3 32. a3 N7b5 33.
Nxb5 Nxb5 34. Nc6 Nxa3 35. Nb4 d4 36. exd4 Nb5 37. Nc2 Kf6 38. Ke2 Ke6 39. Kd3
Nd6 40. Ne3 f5 41. Nd1 g5 42. Nc3 h5 43. f4 gxf4 44. Ne2 Kf6 45. h4 Ne4 46.
Nxf4 Nf2+ 47. Kc4 Ng4 48. Nxh5+ Ke6 49. Kc5 Ne3 50. Nf4+ 1-0

[Event "SR 2. liga A 2007/2008"]
[Site "?"]
[Date "2008.03.18"]
[Round "10"]
[White "Janko, Michal"]
[Black "Vychodil, Michal"]
[Result "1/2-1/2"]
[WhiteElo "2143"]
[BlackElo "2074"]
[PlyCount "119"]
[EventDate "2007.??.??"]
[WhiteTeam "Slovakia"]
[BlackTeam "Slovakia"]
[WhiteTeamCountry "SVK"]
[BlackTeamCountry "SVK"]
[TimeControl "300"]

1. e4 d5 2. exd5 Qxd5 3. Nc3 Qa5 4. Bc4 Bf5 5. d3 c6 6. Bd2 e6 7. Nge2 Qc7 8.
Ng3 Bg6 9. f4 Bd6 10. Qf3 Ne7 11. Nce4 Nd7 12. Nxd6+ Qxd6 13. Bc3 O-O 14. O-O
b5 15. Bb3 Nc5 16. Be5 Qd7 17. Qf2 Nxb3 18. axb3 a5 19. Bc3 a4 20. bxa4 bxa4
21. Ra3 Ra6 22. Rfa1 Rfa8 23. b3 Nd5 24. Qd4 Qa7 25. Qxa7 R6xa7 26. Bd4 Ra6 27.
Rxa4 Rxa4 28. Rxa4 Rxa4 29. bxa4 Nxf4 30. a5 Nd5 31. a6 Nc7 32. a7 f6 33. Ne2
e5 34. Bc5 Bf5 35. Nc3 Kf7 36. Na4 Bc8 37. Bd6 Na8 38. Nc5 g5 39. Kf2 h5 40.
Ke3 Kg6 41. d4 exd4+ 42. Kxd4 Nb6 43. Na4 Na8 44. Kc5 Bb7 45. Nb6 Kf5 46. Nxa8
Bxa8 47. Kb6 Ke6 48. Kc7 c5 49. Bxc5 Bxg2 50. Bf2 f5 51. c4 f4 52. Kb8 h4 53.
a8=Q Bxa8 54. Kxa8 h3 55. c5 Kd5 56. Kb7 g4 57. c6 g3 58. hxg3 h2 59. c7 h1=Q
60. c8=Q 1/2-1/2